000 02391cab a2200313 ab4500
005 20260108064015.0
008 991125c2014 sp qr p o 000 0 spa d
035 _aUPN01000207256
040 _aMX-MxUPN
_bspa
_cMX-MxUPN
_eaacr2
049 _aART-E
100 1 _aKarrera, Iñaki
100 1 _uinaki.karrera@ehu.es
100 1 _aZulaika, Teresa
100 1 _uteresa.zulaika@ehu.es
100 1 _aAldaz, Juan
100 1 _ujuan.aldaz@ehu.es
245 1 0 _aActuaciones interdisciplinares del profesorado universitario :
_bdesarrollo y evaluación de las competencias genéricas de grado en la formación de estudiantes de educación primaria
_h[recurso electrónico en línea]
506 0 _aAcceso abierto
520 3 _aEn este artículo se presenta el diseño y los resultados obtenidos a partir de un Proyecto de Innovación Educativa (PIE 2010-2012/6266) llevado a cabo en la Universidad del País Vasco (UPV/EHU) en el marco de la Titulación de Grado de Educación Primaria en la Escuela Universitaria de Magisterio de Donostia–San Sebastián. En el diseño, implementación y evaluación de este trabajo ha tomado parte el profesorado de cinco departamentos y áreas de conocimiento diferentes que comparten docencia en el primer curso de la titulación de Educación Primaria. Se ha propuesto un trabajo interdisciplinar basado en una metodología cooperativa y dinámica. La evaluación de esta experiencia se ha basado en los resultados de las escalas valorativas que ha realizado el alumnado del Grado de Educación Primaria y en las impresiones finales que recogimos del profesorado que ha tomado parte en esta propuesta. A la luz de esta evaluación este proyecto ha evidenciado la conveniencia y necesidad del trabajo en equipo del profesorado universitario cara a la consecución de las competencias genéricas de grado. Esta experiencia, posteriormente, se ha ampliado a todos los cuatrimestres y cursos académicos de la titulación.
650 4 _aEvaluación
_914106
653 0 _aINTERDISCIPLINARIEDAD
653 0 _aAPRENDIZAJE COOPERATIVO
653 0 _aCOMPETENCIAS GENERICAS
773 _gVol. 18, no. 2 (2014), p. 286-303
_tProfesorado: revista de currículum y formación del profesorado
_x1989-639X
856 4 _uhttp://www.ugr.es/~recfpro/rev182COL8.pdf
902 _aLeonor Sotres
_bLeonor Sotres/141122/M
905 _aArticulo
942 _cART-E
999 _c179357
_d179357